Journal of chemical education software; special issue 11 = Proton NMR basics

Na minha lista:
Detalhes bibliográficos
Formato: Livro
Idioma:Undetermined
Publicado em: Madison, WI Univ. of Wiscosin-Madison 1998
Assuntos:
Tags: Adicionar Tag
Sem tags, seja o primeiro a adicionar uma tag!
Thư viện lưu trữ: Trung tâm Học liệu Trường Đại học Cần Thơ
LEADER 00503nam a2200169Ia 4500
001 CTU_55042
008 210402s9999 xx 000 0 und d
020 |b 14350 
082 |a 541 
082 |b J86/sp11 
245 0 |a Journal of chemical education software; special issue 11 
245 0 |b = Proton NMR basics 
260 |a Madison, WI 
260 |b Univ. of Wiscosin-Madison 
260 |c 1998 
650 |a chemistry, physical and theoretical 
980 |a Trung tâm Học liệu Trường Đại học Cần Thơ